Notre Dame Women's Basketball: Top 10 All-Time Leaders - Statistics

General Stats
  • This quiz has been taken 17 times
  • The average score is 33 of 90
Answer Stats
Category # Player Amount % Correct
Points 2 Skylar Diggins-Smith 2,357
86%
Assists 2 Skylar Diggins-Smith 745
86%
Steals 1 Skylar Diggins-Smith 381
86%
Three Pointers Made 7 Skylar Diggins-Smith 150
86%
Points Per Game 4 Skylar Diggins-Smith 15.7
86%
Games 2 Skylar Diggins-Smith 150
86%
Three Pointers Made 8 Dara Mabrey 146
79%
Rebounds 9 Jackie Young 685
79%
Assists 7 Jackie Young 378
79%
Field Goal Percent 5 Jackie Young 51.2%
79%
Points 5 Marina Mabrey 1,896
79%
Assists T3 Marina Mabrey 500
79%
Steals 4 Marina Mabrey 233
79%
Three Pointers Made 1 Marina Mabrey 274
79%
Field Goal Percent 9 Marina Mabrey 47.4%
79%
Games T5 Marina Mabrey 145
79%
Three Pointers Made 2 Michaela Mabrey 228
79%
Games 9 Michaela Mabrey 142
79%
Points 1 Arike Ogunbowale 2,626
71%
Rebounds 8 Arike Ogunbowale 690
71%
Assists 9 Arike Ogunbowale 362
71%
Steals 10 Arike Ogunbowale 194
71%
Three Pointers Made 3 Arike Ogunbowale 218
71%
Points Per Game 1 Arike Ogunbowale 17.6
71%
Games T3 Arike Ogunbowale 149
71%
Assists 5 Olivia Miles 417
64%
Points Per Game 10 Olivia Miles 13.8
64%
Points 4 Jewell Loyd 1,909
57%
Field Goal Percent 10 Jewell Loyd 47.0%
57%
Points Per Game 2 Jewell Loyd 17.0
57%
Points 3 Brianna Turner 2,017
36%
Rebounds 1 Brianna Turner 1,048
36%
Blocks 1 Brianna Turner 372
36%
Field Goal Percent 1 Brianna Turner 62.4%
36%
Points Per Game 8 Brianna Turner 14.5
36%
Rebounds 6 Kathryn Westbeld 731
36%
Games 10 Kathryn Westbeld 141
36%
Points 6 Kayla McBride 1,876
36%
Field Goal Percent 7 Kayla McBride 47.5%
36%
Points Per Game 9 Kayla McBride 14.1
36%
Points 9 Charel Allen 1,566
29%
Rebounds 10 Charel Allen 656
29%
Steals 9 Charel Allen 206
29%
Rebounds 7 Jessica Shepard 698
29%
Field Goal Percent 2 Jessica Shepard 58.0%
29%
Points Per Game 3 Jessica Shepard 16.2
29%
Assists 1 Lindsay Allen 841
29%
Steals 5 Lindsay Allen 229
29%
Games T3 Lindsay Allen 149
29%
Points 10 Natalie Achonwa 1,546
29%
Rebounds 2 Natalie Achonwa 970
29%
Blocks 7 Natalie Achonwa 117
29%
Field Goal Percent 3 Natalie Achonwa 56.2%
29%
Games T5 Natalie Achonwa 145
29%
Rebounds 4 Devereaux Peters 937
21%
Steals 6 Devereaux Peters 222
21%
Blocks 2 Devereaux Peters 227
21%
Field Goal Percent 4 Devereaux Peters 55.0%
21%
Points 8 Natalie Novosel 1,569
21%
Steals 8 Natalie Novosel 215
21%
Games 8 Natalie Novosel 144
21%
Steals 3 Brittany Mallory 272
14%
Three Pointers Made 5 Brittany Mallory 153
14%
Games 1 Brittany Mallory 151
14%
Three Pointers Made 6 Madison Cable 152
14%
Games T5 Madison Cable 145
14%
Points 7 Jacqueline Batteast 1,874
7%
Rebounds 3 Jacqueline Batteast 965
7%
Blocks 3 Jacqueline Batteast 167
7%
Points Per Game 5 Jacqueline Batteast 15.2
7%
Steals 2 Ashley Barlow 281
0%
Three Pointers Made 9 Ashley Barrow 139
0%
Points Per Game 6 Ashley Barrow 14.6
0%
Field Goal Percent 6 Becca Bruszewski 50.7%
0%
Blocks 5 Courtney LaVere 146
0%
Blocks 6 Erica Williamson 125
0%
Assists 8 Le'Tania Severe 371
0%
Rebounds 5 Lindsay Schrader 828
0%
Field Goal Percent 8 Lindsay Schrader 47.5%
0%
Points Per Game 7 Lindsay Schrader 14.6
0%
Blocks 10 Maya Dodson 91
0%
Assists T3 Megan Duffy 500
0%
Steals 7 Megan Duffy 220
0%
Three Pointers Made 4 Megan Duffy 161
0%
Blocks 9 Melissa D'Amico 97
0%
Assists 6 Melissa Lechlitner 388
0%
Three Pointers Made 10 Sam Brunelle 109
0%
Blocks 8 Taya Reimer 99
0%
Blocks 4 Teresa Borton 150
0%
Assists 10 Tulyah Gaines 335
0%
No matching quizzes found
Score Distribution
Percent of People with Each Score
Percentile by Number Answered
Your Score History
You have not taken this quiz